| 000 | 00520nam a2200169 4500 | ||
|---|---|---|---|
| 001 | 138009 | ||
| 003 | ES-MaACL | ||
| 005 | 20230906195503.0 | ||
| 007 | t| | ||
| 008 | 070214s1951 sp r ||||1| spa d | ||
| 100 | 1 |
_aSánchez Jara, Diego. _9102710 |
|
| 245 | 1 | 0 |
_aSalzillo / _cDiego Sánchez Jara y Leopoldo Ayuso Vicente. |
| 260 |
_aMadrid : _bEd. Nacional, _c1951. |
||
| 300 |
_a106 p., 97 lám. : _bil. = retr. aut. ; _c28 cm. |
||
| 700 | 1 |
_aAyuso Vicente, Leopoldo. _924208 |
|
| 852 |
_aES-MaACL _jD-7055 _bR.31323 |
||
| 999 |
_c138009 _d138009 |
||